| 000 | 00427 a2200145 4500 | ||
|---|---|---|---|
| 005 | 20260413144307.0 | ||
| 008 | 260413b |||||||| |||| 00| 0 eng d | ||
| 020 | _a9789364870672 | ||
| 080 |
_aFM _bBAB/P |
||
| 100 | _aBaburaj Kalampoor | ||
| 245 | _aPanchalamkurichi(പാഞ്ചാലംകുറിച്ചി) | ||
| 260 |
_bD C Books. _aKottayam. _c2025. |
||
| 653 | _aFiction-Novel-Malayalam Literature | ||
| 942 | _cOO | ||
| 999 |
_c115281 _d115280 |
||